000 00955nam a2200241 4500
001 174921
003 ES-MaACL
005 20230906215708.0
008 100708s2008 sp af |||| | spa d
020 _a978-84-96812-15-4
080 _a73 Martínez del Río, Luis Jaime (083.824)
100 1 _aMartínez del Río, Luis Jaime.
_978049
245 1 3 _aLa ocupación de la mirada
_b: Casa de la Entrevista, Alcalá de Henares /
_cLuis Jaime Martínez del Río ; [textos, Fernando Castro Flórez ... et al.].
260 _aAlcalá de Henares :
_bFundación Colegio del Rey,
_c[2008]
300 _a[32] p. :
_bil. col. y n. ;
_c26 cm.
600 1 7 _aMartínez del Río, Luis Jaime-
_vExposiciones.
_9143204
655 7 _2tgfbne
_9193628
_aCatálogos de exposiciones
700 1 _aCastro Flórez, Fernando.
_9143205
710 2 _aFundación Colegio del Rey.
_94254
852 4 _aES-MaACL
_j2280-F-3
942 _2udc
999 _c174921
_d174921